=LDR 00000nam 2200000 4500 =001 INLIS000000000014321 =005 20130612105611 =008 ***********************************Ind** =035 ##$$0010-061300000014321 =041 ##$$a Ind =082 ##$$a 611.018 =090 ##$$a 611.018, Cor b =100 ##$$a Corwin, Elizabeth j =245 ##$$a Buku saku patopisiologi, Elizabet J. Corwin ; alih bahasa Brahm U. Pendit ; editor Endah Pakaryanigsih =260 ##$$a 2001 $b Jakarta =300 ##$$a xxix, 696 hlm, Il, 21 cm =650 ##$$a Fisiologi Patologis =850 ##$$a NBPNMAT